Movies Quiz

Random Movies Quiz

90s Razzie Worst Picture Nominees Quiz Stats

 Plays Quiz not verified by Sporcle

Score 0/50 Timer 12:00
0 Plays Today
Year Movie % Correct
1995Waterworld
88.5%
1997*The Postman
87.8%
1995*Showgirls
86.3%
1996*Striptease
84%
1999*Wild Wild West
82.4%
1998Spice World
81.7%
1996Barb Wire
77.1%
1999Star Wars Episode I: The Phantom Menace
74%
1990Rocky V
73.3%
1997Speed 2:Cruise Control
73.3%
1997Batman & Robin
72.5%
1991*Hudson Hawk
71%
1994North
69.5%
1999Big Daddy
68.7%
1996The Island of Dr. Moreau
67.2%
1999The Blair Witch Project
67.2%
1991Cool as Ice
66.4%
1993*Indecent Proposal
66.4%
1990*The Adventures of Ford Fairlane
65.6%
1993Last Action Hero
63.4%
1992Newsies
61.1%
1998Godzilla
59.5%
1994*Color of Night
58.8%
1996Ed
58.8%
1995It's Pat
54.2%
Year Movie % Correct
1990The Bonfire of the Vanities
53.4%
1993Body of Evidence
53.4%
1998Armageddon
53.4%
1998The Avengers
53.4%
1997Anaconda
52.7%
1998*An Alan Smithee Film: Burn Hollywood Burn
52.7%
1990*Ghosts Can't Do it
51.1%
1992*Shining Through
48.1%
1991Nothing but Trouble
47.3%
1996The Stupids
47.3%
1990Graffiti Bridge
46.6%
1993Cliffhanger
46.6%
1992The Bodyguard
45.8%
1995The Scarlet Letter
45%
1994Wyatt Earp
42.7%
1991Return to the Blue Lagoon
39.7%
1994On Deadly Ground
39.7%
1994The Specialist
39.7%
1992Christopher Columbus: The Discovery
38.9%
1995Congo
38.2%
1993Sliver
36.6%
1999The Haunting
35.1%
1991Dice Rules
32.1%
1992Final Analysis
21.4%
1997Fire Down Below
20.6%

You're not logged in!

Compare scores with friends on all Sporcle quizzes.
OR
Log In

Show Comments

Extras

Top Quizzes Today


Score Distribution

Your Account Isn't Verified!

In order to create a playlist on Sporcle, you need to verify the email address you used during registration. Go to your Sporcle Settings to finish the process.

Report this User

Report this user for behavior that violates our Community Guidelines.

Details: